Brentford FC Squad 2023-2024 - Statistics

General Stats
  • This quiz has been taken 190 times
    33 since last reset
  • The average score is 22 of 30
Answer Stats
# Position Nation Player % Correct
19 FW Cameroon Bryan Mbeumo
100%
6 MF Denmark Christian Nørgaard
100%
1 GK Netherlands Mark Flekken
100%
11 FW DR Congo Yoane Wissa
100%
5 DF Jamaica Ethan Pinnock
96%
20 DF Norway Kristoffer Ajer
96%
8 MF Denmark Mathias Jensen
96%
- Coach Denmark Thomas Frank
96%
2 DF Scotland Aaron Hickey
92%
9 FW Germany Kevin Schade
92%
3 DF England Rico Henry
88%
21 GK Albania Thomas Strakosha
88%
15 MF Nigeria Frank Onyeka
83%
22 DF Ireland Nathan Collins
83%
27 MF Germany Vitaly Janelt
83%
30 DF Denmark Mads Roerslev
75%
24 FW Denmark Mikkel Damsgaard
75%
14 MF Iran Saman Ghoddos
75%
16 DF England Ben Mee
71%
10 MF England Josh Dasilva
71%
23 FW England Keane Lewis-Potter
71%
12 DF Spain Sergio Reguilón
67%
13 DF Denmark Zanka
67%
26 MF Grenada Shandon Baptiste
63%
33 MF Ukraine Yehor Yarmolyuk
63%
7 FW France Neal Maupay
58%
4 DF England Charlie Goode
33%
52 MF Turkey Yunus Emre Konak
33%
40 GK England Ellery Balcombe
13%
25 MF England Myles Peart-Harris
13%
No matching quizzes found
Score Distribution
Percent of People with Each Score
Percentile by Number Answered
Your Score History
You have not taken this quiz since the last reset